Eastern Orthodox Christian Churches - Statistics

General Stats
  • This quiz has been taken 566 times
  • The average score is 10 of 16
Answer Stats
Hint Answer % Correct
Archdiocese Church of Greece
88%
Patriarchate Patriarchate of Serbia
84%
Patriarchate Patriarchate of Bulgaria
83%
Patriarchate Patriarchate of Romania
82%
Patriarchate Patriarchate of Moscow
81%
Ecumenical Patriarchate Ecumenical Patriarchate of Constantinople
74%
Patriarchate Patriarchate of Georgia
66%
Patriarchate Patriarchate of Alexandria
60%
Patriarchate Patriarchate of Jerusalem
58%
Archdiocese Church of Cyprus
54%
Patriarchate Patriarchate of Antioch
53%
Archdiocese Church of Albania
52%
Metropolis Church of Poland
46%
Metropolis Church of the Czech Lands and Slovakia
41%
Autonomous Church of Finland
30%
Autonomous Church of Sinai
12%
No matching quizzes found
Score Distribution
Percent of People with Each Score
Percentile by Number Answered
Your Score History
You have not taken this quiz